| 000 | 00841ntm a22002297a 4500 | ||
|---|---|---|---|
| 005 | 20170813152029.0 | ||
| 008 | 170802s2013 xx a frb 000 0 eng d | ||
| 040 |
_aEG-ScBUE _beng _cEG-ScBUE |
||
| 082 | 0 | 4 |
_222 _a624 _bHEG |
| 100 | 1 | _aHegab, Mohamed. | |
| 245 | 1 | 0 |
_aImproving cross-cultural communication in international construction companies in Egypt / _cMohamed Hegab. |
| 260 | _c2013. | ||
| 300 |
_aiv, 79 p. ; _bill. (col.) ; _c28 cm. |
||
| 500 | _aA Dissertation Submitted to the Faculty of Engineering. The British University in Egypt, in Partial Fulfillment of the Requirements for the Bachelor Degree in Civil Engineering | ||
| 590 | _aBasant mousa | ||
| 650 | 7 |
_2BUEsh _vProjects _aCivil Engineering. |
|
| 653 |
_bENGCIV _cAugust2017 |
||
| 655 | _vSPRO | ||
| 700 |
_aOthman, Ayman. _eths |
||
| 777 | _ASPRO | ||
| 942 | _2ddc | ||
| 999 |
_c25211 _d25183 |
||